La generación española del 98 : antología en prosa y verso /

Guardado en:
Formato: Libro
Publicado: Buenos Aires : Atlántida, 1974
Series:Biblioteca estudiantil Atlántida
Materias:
Etiquetas: Agregar Etiqueta
Sin Etiquetas, Sea el primero en etiquetar este registro!
LEADER 01279nam a22002055a 4500
001 CEM.cems000256
005 20060209000000.0
008 130507s1974##################000#0#####d
003 CEMS
082 0 4 |a 868 
245 0 0 |a La generación española del 98 :  |b antología en prosa y verso / 
260 |a Buenos Aires :  |b Atlántida,  |c 1974 
300 |a 141 p. 
490 0 |a Biblioteca estudiantil Atlántida 
505 0 |a Salamanca / Miguel de Unamuno -- Vulgaridad / Miguel de Unamuno -- Fantasía crepuscular / Miguel de Unamuno -- Un hidalgo / Azorín -- La velada / Azorín -- El mar / Azorín -- Zalacaín el aventurero : como era la villa de Urbía en el último tercio del siglo XIX / Pio Baroja -- La infancia de Zalacaín / Pio Baroja -- Las inquietudes del Shanti Andía : la tempestad / Pio Baroja -- Poesías / Antonio Machado -- El rey de la máscara / Ramón María del Valle-Inclán -- Un cabecilla / Ramón María del Valle-Inclán -- Sonata de primavera / Ramón María del Valle-Inclán -- Sonata de invierno / Ramón María del Valle-Inclán 
653 |a Antología española 
653 |a Generación del ´98 
653 |a Literatura 
859 |a CEMS  |b BIB. CEMS - 11 de abril  |h 868  |i G286  |p 14228.86  |t Ej.2 
859 |a CEMS  |b BIB. CEMS - 11 de abril  |h 868  |i G286  |p 14238.86  |t Ej.1